| 000 | 00000nam##2200000za#4500 |
| 001 | 9.698120 |
| 003 | CaOODSP |
| 005 | 20210624235803 |
| 007 | cr ||||||||||| |
| 008 | 150407|1996||||xxc|||||o f|0| 0 eng|d |
| 040 | |aCaOODSP|beng |
| 043 | |an-cn--- |
| 086 | 1 |aRH64-64/1996E-PDF |
| 110 | 1 |aCanada.|bHuman Resources Development Canada. |bStrategic Policy. |
| 245 | 10|aProcess evaluation of the jobLink resource centres : |h[electronic resource]|bfinal report / |c[by] Evaluation and Data Development. |
| 260 | |aOttawa - Ontario : |bHuman Resources Development Canada. |cSeptember 1996. |
| 300 | |a120p.|btables |
| 590 | |a13-16-Supp|b2013-07-12 |
| 690 | 07|aEmployment centres|2gcpds |
| 775 | 08|tÉvaluation du processus centres de ressources (CR) objectifEmploi : |w(CaOODSP)9.642113 |
| 856 | 40|ahttp://publications.gc.ca|qPDF|s215 KB|uhttps://publications.gc.ca/collections/collection_2013/rhdcc-hrsdc/RH64-64-1996-eng.pdf |
| 986 | |aSP-AH032E-09-96 |